Mejora de la calidad en el proceso de producción de la línea de pan dulce en panadería Schick
Presenta la realización de un estudio de la calidad en el proceso de producción de la línea de pan dulce en panadería Schick en el cual se realizó una verificación del proceso de elaboración, el análisis de las causas de la variabilidad en los productos de la línea de pan dulce y la propues...
| Main Authors: | , |
|---|---|
| Other Authors: | |
| Format: | Tesis Section = Libro |
| Language: | Undetermined Spanish |
| Published: |
Managua
UNI-IES
2017
|
| Subjects: |
| LEADER | 01192nam a2200253Ia 4500 | ||
|---|---|---|---|
| 008 | 240830s9999 xx 000 0 und d | ||
| 040 | |a BIBLIOTECA-RUPAP Mon 658.503 C146 | ||
| 041 | |a spa | ||
| 082 | |a Mon 658.503 C146 | ||
| 100 | 1 | |a Calderón Velásquez, Suleyka de los Ángeles | |
| 100 | 1 | |b Castro Pineda, Marlon Joaquín | |
| 245 | 1 | 0 | |a Mejora de la calidad en el proceso de producción de la línea de pan dulce en panadería Schick |
| 260 | |a Managua |b UNI-IES |c 2017 | ||
| 300 | |a 96 p. :il. | ||
| 500 | |a Contiene anexos y CD | ||
| 502 | |a Tesis (Ingeniero Industrial)- UNI, 2017. | ||
| 520 | 3 | |a Presenta la realización de un estudio de la calidad en el proceso de producción de la línea de pan dulce en panadería Schick en el cual se realizó una verificación del proceso de elaboración, el análisis de las causas de la variabilidad en los productos de la línea de pan dulce y la propuesta de acciones para la mejora del proceso. | |
| 650 | 7 | |a CALIDAD DE LA PRODCUCCION | |
| 650 | 7 | |b CALIDAD DE LOS PRODUCTOS | |
| 650 | 7 | |c CONTROL ESTADISTICO DE PROCESO | |
| 700 | 1 | |a Tutor: |b Fuentes Espinoza, Oscar Danilo | |
| 942 | |c BK |2 ddc | ||
| 991 | |a TESIS | ||
| 999 | |c 17462 | ||